| 000 | 01261aam a22004091a 4500 | ||
|---|---|---|---|
| 999 |
_c489 _d489 |
||
| 001 | 021005942 | ||
| 003 | UkOxU | ||
| 005 | 20190816135840.0 | ||
| 006 | m || d | | ||
| 007 | cr ||||||||||| | ||
| 008 | 110420s2009 enka jo 001 p eng d | ||
| 015 |
_aGBB7I3564 _2bnb |
||
| 020 | _a9780141324500 | ||
| 035 | _a(Uk)018530113 | ||
| 037 |
_aPenguinGroup194039 _bIngram Content Group |
||
| 040 |
_aTEFOD _beng _cTEFOD _dOCLCQ _dOCLCF _dTEFOD _dOCLCQ _dUk |
||
| 042 | _aukblsr | ||
| 082 | 0 | 4 |
_a821.914 ROS _222 |
| 100 | _aRosen, Michael | ||
| 245 | 0 | 0 |
_aMichael Rosen's A to Z : _bthe best children's poetry from Agard to Zephaniah / _cillustrated by Joe Berger. |
| 246 | 3 | 0 | _aA to Z |
| 260 |
_aLondon : _bPuffin, _c2009. |
||
| 300 |
_axiii, 289 p. : _bill. ; _c20 cm. |
||
| 336 |
_atext _2rdacontent |
||
| 337 |
_acomputer _2rdamedia |
||
| 338 |
_aonline resource _2rdacarrier |
||
| 500 | _aIncludes index. | ||
| 500 | _aAcademic | ||
| 650 | 7 | _aAnthologies (Children's / Teenage) | |
| 650 | 7 | _2Children's poetry | |
| 650 | 0 | _aChildren's poetry. | |
| 650 | 7 |
_aChildren's poetry. _2fast _0(OCoLC)fst00856335 |
|
| 700 |
_aBerger, Joe _eIllustrator |
||
| 942 |
_2ddc _cNFIC |
||